Headway - Upper-intermediate : Teacher's book /

সংরক্ষণ করুন:
গ্রন্থ-পঞ্জীর বিবরন
প্রধান লেখক: Soars, John
অন্যান্য লেখক: Soars, Liz
বিন্যাস: Sách giấy
ভাষা:English
প্রকাশিত: Oxford : Oxford University Press, 1987
ট্যাগগুলো: ট্যাগ যুক্ত করুন
কোনো ট্যাগ নেই, প্রথমজন হিসাবে ট্যাগ করুন!
Thư viện lưu trữ: Thư viện Trường Đại học Đà Lạt
LEADER 00605nam a2200253 4500
001 DLU020018671
005 ##10/1/2001
020 # # |a 978- 
041 # # |a eng 
082 # # |a 428.007  |b SO-J 
100 # # |a Soars, John 
245 # # |a Headway - Upper-intermediate :  |b Teacher's book /  |c John Soars, Liz Soars 
260 # # |a Oxford :  |b Oxford University Press,  |c 1987 
300 # # |a 74 tr., X;   |c 28 cm. 
700 # # |a Soars, Liz 
992 # # |a 0 
994 # # |a DLU 
900 # # |a False 
911 # # |a Administrator 
925 # # |a G 
926 # # |a A 
927 # # |a SH 
980 # # |a Thư viện Trường Đại học Đà Lạt